New Orleans en plein air / (Record no. 18069)
[ view plain ]
| 000 -LEADER | |
|---|---|
| fixed length control field | 01148cam a22002774a 4500 |
| 001 - CONTROL NUMBER | |
| control field | 13175624 |
| 005 - DATE AND TIME OF LATEST TRANSACTION | |
| control field | 20161202121802.0 |
| 008 - FIXED-LENGTH DATA ELEMENTS--GENERAL INFORMATION | |
| fixed length control field | 030425s2003 laua c 000 0 eng |
| 010 ## - LIBRARY OF CONGRESS CONTROL NUMBER | |
| LC control number | 2003009827 |
| 020 ## - INTERNATIONAL STANDARD BOOK NUMBER | |
| International Standard Book Number | 1589801415 (hardcover : alk. paper) |
| 040 ## - CATALOGING SOURCE | |
| Original cataloging agency | DLC |
| Transcribing agency | DLC |
| Modifying agency | DLC |
| 050 00 - LIBRARY OF CONGRESS CALL NUMBER | |
| Classification number | ND 237.S277A4 2003 |
| 100 1# - MAIN ENTRY--PERSONAL NAME | |
| Personal name | Sandusky, Phil. |
| 245 10 - TITLE STATEMENT | |
| Title | New Orleans en plein air / |
| Statement of responsibility, etc. | written and illustrated by Phil Sandusky ; foreword by M. Stephen Doherty. |
| 260 ## - PUBLICATION, DISTRIBUTION, ETC. (IMPRINT) | |
| Place of publication, distribution, etc. | Gretna, La. : |
| Name of publisher, distributor, etc. | Pelican Pub., |
| Date of publication, distribution, etc. | 2003. |
| 300 ## - PHYSICAL DESCRIPTION | |
| Extent | 160 p. : |
| Other physical details | chiefly col. ill. ; |
| Dimensions | 23 x 29 cm. |
| 600 10 - SUBJECT ADDED ENTRY--PERSONAL NAME | |
| Personal name | Sandusky, Phil |
| Form subdivision | Catalogs. |
| 650 #0 - SUBJECT ADDED ENTRY--TOPICAL TERM | |
| Topical term or geographic name as entry element | Plein-air painting |
| Geographic subdivision | Louisiana |
| -- | New Orleans |
| Form subdivision | Catalogs. |
| 651 #0 - SUBJECT ADDED ENTRY--GEOGRAPHIC NAME | |
| Geographic name | New Orleans (La.) |
| Form subdivision | In art |
| -- | Catalogs. |
| 942 ## - ADDED ENTRY ELEMENTS (KOHA) | |
| Source of classification or shelving scheme | |
| Koha item type | Hard Covered Materials |
| Classification part | ND 237 .S277A4 2003 |
| Withdrawn status | Lost status | Source of classification or shelving scheme | Damaged status | Not for loan | Home library | Current library | Shelving location | Date acquired | Source of acquisition | Total Checkouts | Full call number | Barcode | Date last seen | Price effective from | Koha item type |
|---|---|---|---|---|---|---|---|---|---|---|---|---|---|---|---|
| MACHAKOS UNIVERSITY LIBRARY | MACHAKOS UNIVERSITY LIBRARY | Open shelf | 02/12/2016 | Donation (B.F.A) | ND 237 .S277A4 2003 | 23136 | 20/11/2019 | 02/12/2016 | Hard Covered Materials |